Kolonizacja Afryki - Statystyki

Ogólne statystyki
  • Ten quiz został rozwiązany 188 razy
  • Średni wynik to 39 z 40
Statystyki odpowiedzi
Państwa Kolonia % Poprawnych
Botswana Wielka Brytania
100%
Egipt Wielka Brytania
100%
Eswatini Wielka Brytania
100%
Gambia Wielka Brytania
100%
Ghana Wielka Brytania
100%
Kenia Wielka Brytania
100%
Lesotho Wielka Brytania
100%
Nigeria Wielka Brytania
100%
Republika Południowej Afryki Wielka Brytania
100%
Sierra Leone Wielka Brytania
100%
Sudan Wielka Brytania
100%
Sudan Południowy Wielka Brytania
100%
Uganda Wielka Brytania
100%
Wybrzeże Kości Słoniowej Wielka Brytania
100%
Algieria Francja
99%
Benin Francja
99%
Benin Francja
99%
Dżibuti Francja
99%
Gabon Francja
99%
Madagaskar Francja
99%
Maroko Francja
99%
Senegal Francja
99%
Tunezja Francja
99%
Angola Portugalia
99%
Gwinea Bissau Portugalia
99%
Mozambik Portugalia
99%
Wyspy Świętego Tomasza i Książęca Portugalia
99%
Sahara Zachodnia Hiszpania
97%
Erytrea Włochy
95%
Libia Włochy
95%
Somalia Włochy
95%
Burundi Niemcy
92%
Etiopia Niemcy
92%
Kamerun Niemcy
92%
Namibia Niemcy
92%
Rwanda Niemcy
92%
Tanzania Niemcy
92%
Togo Niemcy
92%
Demokratyczna Republika Konga Belgia
91%
Kongo Belgia
91%
Nie znaleziono quizów pasujących do podanych kryteriów
Rozkład punktacji
Procent ludzi z każdym wynikiem
Percentyl według liczby udzielonych odpowiedzi
Twoja historia wyników
Nie rozwiązałeś tego quizu